000 00353nam a2200133Ia 4500
008 231129s9999||||xx |||||||||||||| ||spa||
020 _a84-252-1146-8
040 _bspa
082 _a709.08031 G241r
100 _aGarriga Joaquin
245 0 _aRenacimiento en Europa
264 _aGustavo Gili
942 _2ddc
_cBKS
999 _c23971
_d23971